Como mejorar la calidad y la productividad con el Método Deming (Registro nro. 838)
[ vista simple ]
| 000 -CABECERA | |
|---|---|
| campo de control de longitud fija | 00683atm a2200253 4500 |
| 005 - FECHA Y HORA DE ACTUALIZACIÓN | |
| campo de control | 20170127105234.0 |
| 008 - LONGITUD FIJA | |
| campo de control de longitud fija | 150413b xxu||||| |||| 00| 0 spa d |
| 041 ## - IDIOMA | |
| Código de idioma del texto/pista de sonido o título separado | |
| 082 ## - CLASIFICACIÓN DECIMAL DEWEY | |
| Número de clasificación | 658.562 G536c |
| 100 ## - AUTOR PERSONAL | |
| Nombre de persona | Gitlow,Howard, |
| 100 ## - AUTOR PERSONAL | |
| Nombre de persona | Gitlow, Shelly |
| 245 ## - TÍTULO PROPIAMENTE DICHO | |
| Título | Como mejorar la calidad y la productividad con el Método Deming |
| 260 ## - PIE DE IMPRENTA | |
| Lugar de publicación, distribución, etc. | Colombia |
| 260 ## - PIE DE IMPRENTA | |
| Nombre del editor, distribuidor, etc. | Norma |
| 260 ## - PIE DE IMPRENTA | |
| Fecha de publicación, distribución, etc. | 1987 |
| 300 ## - DESCRIPCIÓN FÍSICA | |
| Extensión | 280 páginas |
| 650 ## - Materia General | |
| Materia general | CALIDAD TOTAL |
| 650 ## - Materia General | |
| Materia general | MÉTODO DEMING |
| 650 ## - Materia General | |
| Materia general | ADMINISTRACIÓN |
| 650 ## - Materia General | |
| Materia general | MISIÓN |
| 650 ## - Materia General | |
| Materia general | CONTROL DE CALIDAD |
| 650 ## - Materia General | |
| Materia general | BARRERAS ORGANIZACIONALES |
| 942 ## - Punto de Acceso Adicional Koha | |
| Tipo de ítem Koha | Libro |
| Estado perdido | Estado dañado | No para préstamo | Biblioteca permanente | Biblioteca actual | Signatura completa | Código de barras | Precio efectivo a partir del | Tipo de ítem |
|---|---|---|---|---|---|---|---|---|
| Departamento de Biblioteca y Documentación Alfonso Chase Brenes | Departamento de Biblioteca y Documentación Alfonso Chase Brenes | 658.562 G536c | 2774 | 16/09/2016 | Libro |